Statistiques concernant Pays les plus mentionnés comme ennemis des USA

Cliquez ici pour prendre le quiz!

Statistiques générales

  • Ce quiz a été pris 2,450 fois
  • Le résultat moyen est 11 sur 15

Statistiques - réponses

Pays % Correct
Chine
97%
Russie
96%
Iran
96%
Irak
95%
Corée du Nord
90%
Afghanistan
84%
Syrie
81%
France
78%
Arabie Saoudite
77%
Pakistan
76%
Japon
75%
Cuba
61%
Libye
50%
Venezuela
44%
Etats-Unis
17%

Distribution des résultats

Percentile par nombre de réponses

% des personnes avec chaque résultat

Votre développement - résultats

Vous n’avez pas pris ce quiz